| 000 | 00431nam a22001697a 4500 | ||
|---|---|---|---|
| 003 | MPLRDC | ||
| 005 | 20220104142359.0 | ||
| 008 | 210129b ||||| |||| 00| 0 eng d | ||
| 082 | _a414.65 WQTS-2 | ||
| 100 | _a不详 | ||
| 245 |
_a中医诊疗秘方: 内、外科 _c |
||
| 260 |
_a _b文翔图书股份有限公司 _c |
||
| 300 | _b平 | ||
| 490 | _a家庭医学系列 | ||
| 650 | _a中药单方 | ||
| 942 |
_cBK _o414.65 WQTS-2 |
||
| 999 |
_c30407 _d30397 |
||